Vorster,Christiaan (Record no. 90053)

MARC details
000 -LEADER
fixed length control field 00288nam a2200109Ia 4500
082 ## - DEWEY DECIMAL CLASSIFICATION NUMBER
Classification number 796.3340968 VORS
020 ## - INTERNATIONAL STANDARD BOOK NUMBER
International Standard Book Number 9780986975400"
008 - FIXED-LENGTH DATA ELEMENTS--GENERAL INFORMATION
fixed length control field 210816s9999 xx 000 0 und d
100 ## - MAIN ENTRY--PERSONAL NAME
Personal name The real soccer fields of South Africa
9 (RLIN) 21423
245 #0 - TITLE STATEMENT
Title Vorster,Christiaan
942 ## - ADDED ENTRY ELEMENTS
item type Books

No items available.